Odgadnij flagi po ich 1/2 części - Statystyki

Ogólne statystyki
  • Ten quiz został rozwiązany 32 razy
  • Średni wynik to 5 z 11
Statystyki odpowiedzi
Obrazkowy Odpowiedź % Poprawnych
Australia
89%
Mołdawia
74%
Panama
67%
Liberia
59%
Demokratyczna republika konga
52%
Rumunia
44%
Tuvalu
37%
Urugwaj
33%
Chiny
22%
Kolumbia
19%
Nauru
0%
Nie znaleziono quizów pasujących do podanych kryteriów
Rozkład punktacji
Procent ludzi z każdym wynikiem
Percentyl według liczby udzielonych odpowiedzi
Twoja historia wyników
Nie rozwiązałeś tego quizu